000 00639nam a2200241Ia 4500
003 OSt
005 20220918191442.0
006 a|||||r|||| 00| 0
007 ta
008 220917b |||||||| |||| 00| 0 eng d
024 _a63,468
037 _cTextual
040 _aARTS
_cARTS
_beng
041 _2eng
_aeng
082 _aRz7, L2
100 _aSnook I A ed
_976254
245 0 _aConcepts of indoctrination
_b philosophical essays
260 _c1972
490 _aInternational library of the philosophy of education
650 _aPHILOSOPHY
942 _hRz7, L2
_cTEXL
_2CC
999 _c189981
_d189981